00994nam a22002175i 4500001000700000003000900007005001700016008004100033040003000074100003500104245009600139260008100235300005600316490006200372600001900434650002900453700003900482830006200521852004700583852014600630163290ES-MaACL20250703063122.0991116s1869 fr b |||| | fre d aCCPB | B bspa cCCPB | B1 aRenan, Ernest,d1823-1892eaut10aSaint Paul / cpar Ernest Renan ; avec une carte des voyages de Saint Paul par M. Kiepert,. aParis : bMichel Lévy Frères, éditeurs, c1869 (fJ. Claye, imprimeur) a[4], LXXVII, 572 p., [1] h. de map. col. ; c23 cm.1 aHistoire des origines du christianisme. Livre troisième04aPablo cSanto. 4aCristianismo-xHistoria.11aKiepert, Heinrich,d1818-1899eclb0 aHistoire des origines du christianisme. Livre troisième aES-MaACLcDEPO2jF-7019 xPasta española aES-MaACLcSVIgFirma autógrafa de Antonio Aura Boronat, Madrid 20 de diciembre 1869hDonativo de Antonio Aura Boronat jD-4998 xHoolandesa